| 000 | 00663cpcaa2200205 4500 | ||
|---|---|---|---|
| 001 | mm 79000301 | ||
| 003 | DLC | ||
| 005 | 20260227111630.0 | ||
| 008 | 790130|||||||||||| eng | ||
| 010 | _amm 79000301 | ||
| 040 |
_aDLC _cDLC _edacs _dDLC |
||
| 072 | 7 |
_aN _2lcmd |
|
| 100 | 1 | _aBrodhead, Daniel M. | |
| 245 | 0 | 0 |
_aDaniel M. Brodhead papers, _f1831-1879. |
| 300 |
_a12 _fitems. |
||
| 506 | 0 | _aOpen to research. | |
| 546 | _aCollection material in English. | ||
| 580 | _aForms part of: Miscellaneous Manuscripts collection. | ||
| 999 |
_c40282 _d40282 |
||